Unscramble words! #2 - Statistics

General Stats
  • This quiz has been taken 152 times
  • The average score is 14 of 15
Answer Stats
Scrambled! Hint! Unscrambled! % Correct
okBo It's something you read. Book
98%
honPe Smaller than a Ipad and usually used for calling and texting. Phone
98%
Ptoho Another word for picture. Photo
98%
Ttse I need to study for the ________. Test
98%
aanBan It's a fruit. Banana
97%
aCihr I need to sit on the _______. Chair
97%
hSocol When you were a small child, this was a place where you learn. School
97%
peSakre When it is too quiet you put this next to your device and it makes it louder. Speaker
95%
otlteB Do you want to drink from a water ________? Bottle
94%
laPet Where you usually put when you are about to eat your food. Plate
94%
lCcko An object to tell time. Clock
93%
tHrea It pumps blood in your body. Heart
92%
osPrte You usually hang it on a wall and it is like a paper decoration. Poster
84%
dBaeg I finally got my _______! Badge
78%
bWtrsiatdn I need to put on my _________ because I injured my arm. Wristband
78%
No matching quizzes found
Score Distribution
Percent of People with Each Score
Percentile by Number Answered
Your Score History
You have not taken this quiz